Lettere a Marina
সংরক্ষণ করুন:
| প্রধান লেখক: | |
|---|---|
| বিন্যাস: | গ্রন্থ |
| ভাষা: | ইংরেজি |
| প্রকাশিত: |
Milano
|
| ট্যাগগুলো: |
কোনো ট্যাগ নেই, প্রথমজন হিসাবে ট্যাগ করুন!
|
MARC
| LEADER | 00000nam a2200000 4500 | ||
|---|---|---|---|
| 001 | CDOM0000003833 | ||
| 003 | mi | ||
| 005 | 20250922104516.0 | ||
| 008 | 250922b |||||||| |||| 00| 0 eng d | ||
| 040 | |c mi | ||
| 100 | |a Maraini, Dacia | ||
| 245 | 1 | |a Lettere a Marina | |
| 260 | |a Milano | ||
| 942 | |2 ddc |c BK | ||
| 952 | |0 0 |1 0 |2 ddc |4 0 |7 0 |9 7032 |a MI |b MI |d 2009-09-07 |i 5573 |l 0 |p CDOM5573 |r 2025-07-13 16:28:00 |w 2025-07-13 |x ACQUISTO |y BK | ||
| 999 | |c 5747 |d 5747 | ||